00967nam a2200229 a 450000100100000000500170001000800410002702000150006804000250008308200200010810000290012824500790015726000540023630000210029050000570031150000700036850400320043860000800047060000620055060000760061265000490068800001130020200929162418.0091016s2004 dr r 000 d spa d a9993439290 aDO-SdBNPbspacBNPHU aRD862.44bM722e1 aMolinaza, José,d1951-13aEl entremés de Llerena en el teatro hispanoamericano /cJosé Molinaza. aSanto Domingo :bLibrería La Trinitaria,c2004. a126 p. ;c21 cm. aIncluye datos biográficos del autor en las solapas aIncluye referencias bibliográficas y notas al pie de páginas. aBibliografía : p. 117-12414aLLERENA DE RUEDA, CRISTÓBAL DE,d1541?-1626xCRÍTICA E INTERPRETACIÓN14aLLERENA DE RUEDA, CRISTÓBAL DE,d1541?-1626xINFLUENCIA14aLLERENA DE RUEDA, CRISTÓBAL DE,d1541?-1626tEL ENTREMÉS DE LLERENA 4aDrama hispanoamericanoxHistoria y crítica